000 00926nas a2200289 4500
001 BR2015006239
003 BR-BrBNA
005 20231205125908.0
007 ta
008 230509b bl.|||p| |||| 00| 00por d
040 _aBR-BrBNA
_bpor
_cBiblioteca Nacional de Agricultura
041 _a(Pt)
072 _aP32; P33
100 1 _aMurakami, L.Y.
100 1 _aFerreira, R.C.B.
100 1 _aSouza, G.S.
100 1 _aLuchini, L.C.
245 1 _aMineralização e sorção do fungicida Fluopicolida de amostras de solos neossolo e latossolo em áreas preservadas e áreas tratadas
650 _aFUNGICIDA
650 _aAGROTOXICO
650 _aMINERALIZACAO
650 _aSORCAO
650 _aSOLO
773 0 _tPesticidas: Revista de Ecotoxicologia e Meio Ambiente (Brazil)
_xISSN 0103-7277
_g(Jan-Dec 2014), v. 24 p. 33-42
_wBR2015006239
909 _a202311
_bLúcia
_c55
_dLúcia Elande
942 _2AGRIS
_n0
_cANA
999 _c246754
_d246754